000 00563nam a2200181Ia 4500
003 GCL
008 140319s9999 xx 000 0 ara d
040 _aGCL /
_cGCL
082 0 4 _a320.01
_bام
100 1 _aاحمد صدقى الدجانى
245 1 0 _aمدرسة عربية فى علم السياسة /
_cاحمد صدقى الدجانى
260 _a[S.N] :
_bدار المستقبل العربى ،
_c1988
300 _a256 ص
490 _a
650 0 4 _aالنزاع العربى الاسرائيلى
650 0 4 _aالسياسة
942 _2ddc
_cBK
999 _c54826
_d54826